مكتبة جامعة عجلون الوطنية

فهرس بحث المكتبة

الوجيز في الأوراق التجارية ( الكمبيالة - السند لأمر - الشيك ) (Record no. 16658)

MARC details
000 -LEADER
fixed length control field 01005nam a2200217Ii 4500
003 - CONTROL NUMBER IDENTIFIER
control field JO-AjNU
008 - FIXED-LENGTH DATA ELEMENTS--GENERAL INFORMATION
fixed length control field 230605s9999||||xx |||||||||||||| ||und||
017 ## - COPYRIGHT OR LEGAL DEPOSIT NUMBER
Copyright or legal deposit number 2010/2626
020 ## - INTERNATIONAL STANDARD BOOK NUMBER
International Standard Book Number 978-977-04-6362-2
040 ## - CATALOGING SOURCE
Original cataloging agency JO-AjNU
Language of cataloging ara
Description conventions rda
Transcribing agency JO-AjNU
041 ## - LANGUAGE CODE
Language code of text/sound track or separate title ara
050 14 - LIBRARY OF CONGRESS CALL NUMBER
Classification number KRM937.2010
100 3# - MAIN ENTRY--PERSONAL NAME
Personal name الادريسي، هاني محمد أمين ,
Relator term author
9 (RLIN) 32427
245 00 - TITLE STATEMENT
Title الوجيز في الأوراق التجارية ( الكمبيالة - السند لأمر - الشيك )
264 31 - PRODUCTION, PUBLICATION, DISTRIBUTION, MANUFACTURE, AND COPYRIGHT NOTICE
Place of production, publication, distribution, manufacture القاهرة : دار النهضة العربية ، 2010
300 ## - PHYSICAL DESCRIPTION
Extent 171ص
336 ## - CONTENT TYPE
Content type term text
Content type code txt
Source rdacontent
337 ## - MEDIA TYPE
Media type term unmediated
Media type code n
Source rdamedia
338 ## - CARRIER TYPE
Carrier type term volume
Carrier type code nc
Source rdacarrier
650 #4 - SUBJECT ADDED ENTRY--TOPICAL TERM
Topical term or geographic name entry element الأوراق التجارية -- قوانين وتشريعات -- مصر-- الكمبيالات -- قوانين وتشريعات -- السندات -- قوانين وتشريعات -- الشيكات -- قوانين وتشريعات -- القانون التجاري -- مصر
9 (RLIN) 32428
Holdings
Withdrawn status Lost status Source of classification or shelving scheme Damaged status Not for loan Home library Current library Shelving location Date acquired Total Checkouts Full call number Barcode Date last seen Price effective from Koha item type
    Library of Congress Classification     مكتبة جامعة عجلون الوطنية مكتبة جامعة عجلون الوطنية المجموعات العامة 06/06/2023   KRM937.2010 A13090 06/06/2023 06/06/2023 Books